000 00665nam a2200205Ia 4500
001 3255
003 GE_BSU
008 181216s||||||||xx |||||||||||||| ||und||
040 _cGE_BSU
080 _a621.31(035)
100 _aГольстрем В.А. Иваненко A.C.
245 _aСправочник энергетика промышленных предприятий.
250 _aИзд. 3-е, стереотипное.
260 _aКиев.
260 _bТехника.
260 _c1973.
300 _a562 стр. 22 см.
653 _aСправочник энергетика промышленных предприятий.
942 _cBK
999 _c37296
_d37296